000 01326nam a22002657a 4500
005 20121010141910.0
008 121010t xxu||||| |||| 00| 0 mar d
010 _aMAR-22760
020 _c300.00
_a9788184984316
035 _aMR-15418
037 _bDBAD/PUB
040 _aDPL
_bMR
082 _a891.73
100 _953016
_aभट्ट, ध्रुव
245 _aअकूपार /
_cध्रूव भट्ट ; अंजनी नरवणे द्वारा अनुवादित
246 _aAkoopar
_bby Dhruv Bhatt
260 _aपुणे
_bमेहता पब्लिशिंग हाऊस
_c2012
270 _bपुणे
_a1941,सदाशिव पेठ,माडीवाले कॉलनी
_e411030
300 _aसोळा, 280पृ.
_c21सेमी(अजिल्द)
650 _aगुजराती कादंबरी
_xमराठी भाषा में अनुवादित
_953620
650 _aGujrati Fiction
_xTranslated into Marathi
_953621
700 _aनरवणे, अंजनी
_953616
942 _2ddc
_cMR
_mग्रिशम
_h891.73
999 _c71477
_d71477